Normal view MARC view

Entry Nombre personal

Number of records used in: 12

001 - NÚMERO DE CONTROL

  • campo de control: 18056

003 - IDENTIFICADOR DE NÚMERO DE CONTROL

  • campo de control: SpMaBN

005 - FECHA Y HORA DE LA ÚLTIMA TRANSACCIÓN

  • campo de control: 20230529094001.0

008 - ELEMENTOS DE DATO DE LONGITUD-FIJA

  • campo de control de longitud fija: 900725nn aijnnaabn a aaa

016 ## - NÚMERO DE CONTROL DE UNA AGENCIA BIBLIOGRÁFICA NACIONAL

  • Número de control del registro: BNE19960811291

024 7# - IDENTIFICADOR DE OTROS ESTÁNDARES

  • Número estándar o código: http://viaf.org/viaf/4498758/
  • Fuente: viaf

024 7# - IDENTIFICADOR DE OTROS ESTÁNDARES

  • Número estándar o código: https://isni.org/isni/000000005921969X
  • Fuente: isni

024 7# - IDENTIFICADOR DE OTROS ESTÁNDARES

  • Número estándar o código: http://www.wikidata.org/entity/Q21726878
  • Fuente: wikidata

040 ## - FUENTE DE CATALOGACIÓN

  • Centro catalogador/agencia de origen: SpMaBN
  • Lengua de catalogación: spa
  • Centro/agencia transcriptor: SpMaBN
  • Normas de descripción: rdc
  • Convención/Normas de encabezamiento de materia/tesauro: embne
  • Centro/agencia modificador: ES-MaACL

100 1# - ENCABEZAMIENTO-NOMBRE DE PERSONA

  • Nombre de persona: Abella y Fuertes, Joaquín,

375 ## - GÉNERO/SEXO

  • Género: Masculino
  • Fuente de información: Wikidata

400 1# - TRAZADO DE VÉASE--NOMBRE DE PERSONA

  • Nombre de persona: Abella, Joaquín,

400 1# - TRAZADO DE VÉASE--NOMBRE DE PERSONA

  • Nombre de persona: Abella Fuertes, Joaquín,

670 ## - FUENTE DE DATOS ENCONTRADOS

  • Cita de la fuente: Manual del jurado, 1903;
  • Información encontrada: port. (Joaquín Abella y Fuertes)

670 ## - FUENTE DE DATOS ENCONTRADOS

  • Cita de la fuente: Novísimo Código de comercio, 1885;
  • Información encontrada: port. (Joaquín Abella)

670 ## - FUENTE DE DATOS ENCONTRADOS

  • Cita de la fuente: Espasa;
  • Información encontrada: (Abella, Joaquín; doctor en derecho y abogado del Colegio de Madrid, dir. del Consultor de los Ayuntamientos)

670 ## - FUENTE DE DATOS ENCONTRADOS

  • Cita de la fuente: Ossorio y Bernard, 1903;
  • Información encontrada: (m. 1893)

670 ## - FUENTE DE DATOS ENCONTRADOS

  • Cita de la fuente: WWW Bn España aut., 29-5-2023;
  • Información encontrada: (Abella y Fuertes, Joaquín)

955 ## - CATALOGADOR - EDICIÓN

  • Nombre del catalogador: Julia Mas Vieira